Statistics for Most Common Words In English Starting With L

Click here to take the quiz!

General Stats

  • This quiz has been taken 2,735 times
  • The average score is 61 of 102

Answer Stats

Word% Correct
love
96%
let
93%
like
93%
last
92%
live
91%
lie
90%
lab
89%
list
89%
lay
88%
lose
88%
lost
88%
late
87%
leg
87%
lot
87%
low
87%
law
86%
lead
85%
life
84%
line
84%
lack
83%
land
83%
light
83%
leave
82%
less
82%
lap
78%
lean
77%
lip
77%
long
77%
look
77%
later
76%
lock
76%
letter
74%
labor
73%
leader
73%
leaf
73%
lake
72%
luck
72%
least
71%
left
71%
little
71%
lawyer
70%
load
70%
lower
70%
laugh
69%
learn
68%
lemon
68%
loose
68%
lovely
66%
lover
64%
label
63%
lift
63%
loan
63%
laboratory
62%
listen
62%
lucky
61%
legal
60%
link
60%
large
59%
loud
58%
likely
55%
loss
54%
lady
53%
lesson
53%
level
53%
learning
47%
leading
46%
living
46%
latter
45%
lawn
45%
lung
45%
layer
44%
league
44%
library
43%
local
43%
limit
42%
lots
41%
literature
40%
location
39%
leadership
38%
liberal
38%
literally
38%
language
37%
leather
37%
legend
35%
locate
34%
lunch
34%
length
33%
limited
29%
license
28%
legacy
27%
legitimate
27%
limitation
27%
launch
26%
legislation
26%
largely
25%
lawsuit
23%
lifetime
23%
lifestyle
21%
literary
20%
landscape
18%
Latin
18%
long-term
6%

Score Distribution

Percentile by Number Answered

Percent of People with Each Score

Your Score History

You have not taken this quiz